000 00726nam a2200301Ia 4500
001 9578
005 20240113234216.0
007 ta
008 050727s a g b000 u asm u
020 _cHB
040 _aCotton College,Assam
041 _aasm
082 _a891.4116
_bK 897 B
100 _aKrishnapuri, .
245 0 _aBasundhari Geet /
_cKrishnapuri.
_hTextual Documents
250 _a2nd ed. /
260 _asl :
_bP.C. Barua ,
_cnd.
300 _a56p. :
_bill. ;
_c18cm .
653 _aAssamese Poetry
653 _aMS-Assamese
653 _aAssamese Songs
653 _aG-Assamese
942 _2ddc
_cBK
999 _c9565
_d9565